África en la acción española / (Record no. 69638)

MARC details
000 -LEADER
campo de control de longitud fija 00881nam a2200229 i 4500
001 - NÚMERO DE CONTROL
campo de control 69638
003 - IDENTIFICADOR DE NÚMERO DE CONTROL
campo de control ES-MaACL
005 - FECHA Y HORA DE LA ÚLTIMA TRANSACCIÓN
campo de control 20260219165328.0
007 - CAMPO FIJO DE DESCRIPCIÓN FÍSICA--INFORMACIÓN GENERAL
campo de control de longitud fija t|
008 - DATOS DE LONGITUD FIJA--INFORMACIÓN GENERAL
campo de control de longitud fija 040708s1947 sp ||||1| spa d
100 1# - ENTRADA PRINCIPAL--NOMBRE DE PERSONA
Nombre de persona García Figueras, Tomás.
9 (RLIN) 54615
245 10 - MENCIÓN DEL TÍTULO
Título África en la acción española /
Mención de responsabilidad, etc. Tomás García Figueras.
260 ## - PUBLICACIÓN, DISTRIBUCIÓN, ETC.
Lugar de publicación, distribución, etc. Madrid :
Nombre del editor, distribuidor, etc. [Instituto de Estudios Africanos de la Dirección General de Marruecos y Colonias,
Fecha de publicación, distribución, etc. 1947] (
Fabricante Blass)
300 ## - DESCRIPCIÓN FÍSICA
Extensión 229 p., [18] h. de lám. ;
Dimensiones 20 cm.
586 8# - NOTA DE PREMIOS
Nota de premios Premio África de Literatura 1946
651 #4 - PUNTO DE ACCESO ADICIONAL DE MATERIA--NOMBRE GEOGRÁFICO
Nombre geográfico Marruecos-
Subdivisión general Historia-
Subdivisión cronológica 1912-1956, Protectorado español.
9 (RLIN) 9029
651 #7 - PUNTO DE ACCESO ADICIONAL DE MATERIA--NOMBRE GEOGRÁFICO
Nombre geográfico España-
Subdivisión general Colonias-
Subdivisión geográfica África
Fuente del encabezamiento o término
9 (RLIN) 172189
710 2# - ENTRADA AGREGADA--NOMBRE DE ENTIDAD CORPORATIVA
Nombre de entidad corporativa o nombre de jurisdicción como elemento de entrada Instituto de Estudios Africanos.
9 (RLIN) 4881
710 1# - ENTRADA AGREGADA--NOMBRE DE ENTIDAD CORPORATIVA
Nombre de entidad corporativa o nombre de jurisdicción como elemento de entrada España.
Unidad subordinada Dirección General de Marruecos y Colonias.
9 (RLIN) 3752
852 ## - LOCALIZACIÓN
Ubicación ES-MaACL
Número de control de estantería C-5092
Holdings
Estatus retirado Estado de pérdida Estado de daño No para préstamo Biblioteca de origen Biblioteca actual Ubicación en estantería Fecha de adquisición Fuente de adquisición Total de préstamos Signatura topográfica completa Código de barras Visto por última vez Precio de reemplazo Tipo de ítem Koha
        Biblioteca del Ateneo de Madrid Biblioteca del Ateneo de Madrid Sala Palomar 17/01/2008     C-5092 1072918 23/02/2023 23/02/2023 Libro impreso